000
00241nam a2200097Ia 4500
001
1033367
005
20250826231707.0
008
250824s9999 xx 000 0 und d
245
0
_a
ZAMANDA YOLCULUK
_c
GÜNEŞ ÇIGAY
260
_b
BETA YAYINLARI
999
_c
1033367
_d
1033367